Statistiques concernant Chaque Commune Francophone de Suisse sur une Carte !

Cliquez ici pour prendre le quiz!

Statistiques générales

  • Ce quiz a été pris 216 fois
  • Le résultat moyen est 99 sur 625

Réponses sur la Carte

Les réponses sont colorées sur une échelle allant du rouge au vert en fonction du pourcentage des utilisateurs qui les ont devinées à leur premier essai. Vous pouvez retrouver ces pourcentages ci-dessous.
 

Statistiques - réponses

Pop.Commune% Correct
GE203 951Genève
92%
VD139 408Lausanne
85%
NE44 588Neuchâtel
72%
VD8 992Le Mont-sur-Lausanne
71%
VD2 686Mont-sur-Rolle
71%
FR38 197Fribourg
68%
VS34 710Sion
66%
VD25 984Montreux
63%
VD395La Chaux (Cossonay)
62%
JU12 566Delémont
61%
VD21 452Nyon
60%
VD30 156Yverdon-les-Bains
58%
VD19 824Vevey
56%
GE22 621Carouge
52%
VS16 842Sierre
52%
VD10 197Aigle
51%
NE37 494La Chaux-de-Fonds
51%
VS20 210Martigny
51%
FR23 871Bulle
50%
VD15 844Morges
48%
VD13 181Gland
47%
JU6 563Porrentruy
47%
GE25 745Meyrin
45%
VS17 894Monthey
45%
VD20 886Renens
45%
VD970Villars-Sainte-Croix
45%
VD5 763Villeneuve
45%
VS10 365Crans-Montana
44%
NE11 132Le Locle
43%
VD101Villars-Epeney
43%
VD122Villars-le-Comte
43%
VD1 227Villars-le-Terroir
43%
VD603Villars-sous-Yens
43%
VD10 040Payerne
42%
GE34 958Vernier
42%
VD473Bougy-Villars
41%
GE33 377Lancy
41%
VD459Lussery-Villars
41%
VD18 458Pully
40%
GE13 411Versoix
40%
VD7 018Orbe
39%
VD3 835Vallorbe
39%
VD7 879Bex
37%
VD5 726Echallens
37%
VD6 249Rolle
37%
VD2 286Crans-près-Céligny
36%
VD10 348Lutry
36%
FR9 762Estavayer
35%
VD6 067Moudon
35%
BE7 385Moutier
35%
VD3 807Aubonne
34%
VD11 884La Tour-de-Peilz
34%
NE10 667Val-de-Travers
34%
VD3 239Coppet
33%
GE19 058Onex
33%
VD4 044Cossonay
32%
VD3 341Grandson
32%
FR1 744La Roche
32%
VD3 782Leysin
32%
VD12 413Prilly
32%
FR5 366Romont
32%
BE204Romont
32%
VS967Saint-Gingolph
32%
VS4 556Saint-Maurice
31%
VD1 593Bière
30%
VD3 456Château-d'Œx
30%
VD7 965Crissier
30%
GE14 182Thônex
30%
VD451Allaman
29%
FR335Ecublens
29%
VD13 079Ecublens
29%
FR864Granges-Paccot
29%
FR1 972Gruyères
29%
GE12 275Le Grand-Saconnex
29%
GE791Céligny
28%
BE1 415Court
28%
FR3 773Granges (Veveyse)
28%
VD1 357Le Vaud
28%
VD4 891Sainte-Croix
28%
VD4 295Avenches
27%
FR7 216Châtel-Saint-Denis
27%
GE5 598Cologny
27%
GE4 273Satigny
27%
VD5 343Bourg-en-Lavaux
26%
VD1 366Chavannes-de-Bogis
26%
VD966Chavannes-des-Bois
26%
VD311Chavannes-le-Chêne
26%
VD152Chavannes-le-Veyron
26%
VD7 851Chavannes-près-Renens
26%
VD210Chavannes-sur-Moudon
26%
FR1 767Cugy
26%
VD2 765Cugy
26%
VD5 661Oron
26%
GE10 620Plan-les-Ouates
26%
VD1 827Roche
26%
FR5 559Belmont-Broye
25%
GE10 244Bernex
25%
VD929Lavey-Morcles
25%
VD7 555Ollon
25%
VD5 766Saint-Prex
25%
VD3 274Vully-les-Lacs
25%
VD3 432Yvonand
25%
NE6 237Boudry
24%
BE201Corcelles
24%
VD457Corcelles-le-Jorat
24%
VD402Corcelles-près-Concise
24%
VD2 564Corcelles-près-Payerne
24%
GE1 047Hermance
24%
VD4 199Lucens
24%
VS838Saint-Martin
24%
FR1 028Saint-Martin
24%
FR2 538Val-de-Charmey
24%
VD8 930Bussigny
23%
VS1 338Champéry
23%
VD725Cheseaux-Noréaz
23%
VS6 737Nendaz
23%
VS4 201Port-Valais
23%
VD4 704Saint-Sulpice
23%
NE17 017Val-de-Ruz
23%
VD3 774Belmont-sur-Lausanne
22%
VD374Belmont-sur-Yverdon
22%
GE1 698Chancy
22%
VD2 234Chexbres
22%
VS8 837Conthey
22%
VD9 695Epalinges
22%
VD2 932Etoy
22%
VS8 731Fully
22%
VD2 646La Sarraz
22%
VD2 589Saint-Cergue
22%
GE8 674Chêne-Bourg
21%
FR8 138Marly
21%
VS2 687Saillon
21%
FR2 627Broc
20%
VD4 335Cheseaux-sur-Lausanne
20%
VS9 467Collombey-Muraz
20%
VD2 236Gimel
20%
BE3 756La Neuveville
20%
VD818Lully
20%
FR1 178Lully
20%
VD2 869Puidoux
20%
VS10 185Val de Bagnes
20%
GE11 887Veyrier
20%
FR3 562Attalens
19%
JU1 217Boncourt
19%
GE8 299Collonge-Bellerive
19%
NE2 652Hauterive
19%
FR2 531Hauterive
19%
JU1 883Le Noirmont
19%
JU1 232Les Bois
19%
VD2 118Mies
19%
FR2 677Montagny
19%
VD747Montagny-près-Yverdon
19%
VD858Rougemont
19%
JU2 632Saignelégier
19%
BE5 140Saint-Imier
19%
VD3 352Savigny
19%
GE2 387Anières
18%
VS2 717Anniviers
18%
VD6 150Blonay
18%
VS3 915Chamoson
18%
VD5 130Chavornay
18%
GE12 504Chêne-Bougeries
18%
GE1 709Collex-Bossy
18%
VD2 930Commugny
18%
GE2 186Corsier
18%
VD3 362Corsier-sur-Vevey
18%
FR1 504Cottens
18%
VD486Cottens
18%
VD2 064Forel (Lavaux)
18%
VD3 776Founex
18%
GE2 840Genthod
18%
VD1 348Gryon
18%
VS1 421Hérémence
18%
VD1 478L'Abbaye
18%
VD4 642Le Chenit
18%
FR1 543Matran
18%
FR1 044Mézières
18%
VD1 433Ormont-Dessus
18%
VS3 172Orsières
18%
VD3 258Penthalaz
18%
GE3 099Perly-Certoux
18%
VS3 159Riddes
18%
FR1 835Saint-Aubin
18%
VD5 247Saint-Légier-La Chiésaz
18%
VD380Saint-Saphorin (Lavaux)
18%
VS7 814Savièse
18%
VS6 086Saxon
18%
GE955Soral
18%
BE3 570Tavannes
18%
VS4 748Troistorrents
18%
FR12 228Villars-sur-Glâne
18%
VS4 257Vouvry
18%
GE3 380Bellevue
17%
VS4 226Lens
17%
VS3 222Leytron
17%
GE3 775Pregny-Chambésy
17%
VD872Rennaz
17%
FR2 791Riaz
17%
FR1 524Rue
17%
VS2 428Saint-Léonard
17%
VD1 908Tolochenaz
17%
VS2 025Val-d'Illiez
17%
GE2 277Bardonnex
16%
VD951Bavois
16%
FR3 280Belfaux
16%
VD1 733Cudrefin
16%
VS1 669Evolène
16%
GE483Gy
16%
VD373Henniez
16%
GE1 241Jussy
16%
NE622La Brévine
16%
VD1 142Ormont-Dessous
16%
VD285Trey
16%
VD920Veytaux
16%
VS2 732Vionnaz
16%
FR1 925Avry
15%
GE1 712Avully
15%
VS200Bourg-Saint-Pierre
15%
VD1 057Champagne
15%
FR2 317Cheyres-Châbles
15%
VD1 024Concise
15%
FR5 468Courtepin
15%
VD1 219Eclépens
15%
FR3 177Givisiez
15%
JU672Lajoux
15%
VS711Liddes
15%
FR1 959Marsens
15%
VD1 529Paudex
15%
VD4 085Prangins
15%
VD3 289Romanel-sur-Lausanne
15%
VD463Romanel-sur-Morges
15%
VD1 996Servion
15%
VD1 594Tannay
15%
GE2 520Troinex
15%
VS1 805Vex
15%
VS3 293Ardon
14%
GE1 401Avusy
14%
VD1 386Bassins
14%
VD1 931Begnins
14%
VS826Collonges
14%
FR1 003Cressier
14%
NE1 898Cressier
14%
GE1 867Dardagny
14%
VD233Dompierre
14%
VS1 305Evionnaz
14%
FR1 097Gletterens
14%
VD1 009L'Isle
14%
VD2 669Lonay
14%
VD1 170Noville
14%
VD5 239Préverenges
14%
GE2 468Puplinge
14%
VD342Rivaz
14%
VD533Romainmôtier-Envy
14%
VD790Saint-Barthélemy
14%
NE3 264Saint-Blaise
14%
VD1 067Yvorne
14%
VD539Aclens
13%
JU1 902Alle
13%
VD1 460Apples
13%
VD2 807Arzier-Le Muids
13%
VS4 094Ayent
13%
VD1 042Baulmes
13%
VD1 281Bercher
13%
VD1 298Bottens
13%
JU648Bure
13%
VD384Bussy-Chardonney
13%
VD218Bussy-sur-Moudon
13%
VS3 542Chalais
13%
VD3 026Chardonne
13%
FR842Chénens
13%
GE4 631Confignon
13%
VD2 285Corseaux
13%
NE4 746Cortaillod
13%
FR1 173Delley-Portalban
13%
VD1 608Denges
13%
VD2 733Echandens
13%
VD3 071Echichens
13%
VD725Essertines-sur-Rolle
13%
VD1 031Essertines-sur-Yverdon
13%
FR2 212Grolley
13%
VS832Isérables
13%
NE1 037La Sagne
13%
NE4 607Le Landeron
13%
VD900Le Lieu
13%
FR3 135Le Mouret
13%
VD966Montricher
13%
FR2 664Neyruz
13%
VD1 760Penthaz
13%
VS1 416Salvan
13%
VS1 031Sembrancher
13%
FR1 435Semsales
13%
BE4 580Tramelan
13%
VD1 434Trélex
13%
VD3 295Valbroye
13%
FR1 071Vaulruz
13%
VS1 874Vernayaz
13%
VS6 398Vétroz
13%
VS590Veysonnaz
13%
VD578Vuiteboeuf
13%
VD1 473Yens
13%
VD1 108Ballaigues
12%
VD843Bogis-Bossey
12%
FR1 512Bossonnens
12%
VS915Bovernier
12%
VD428Chessel
12%
VS1 588Chippis
12%
VD740Denens
12%
VD1 144Etagnières
12%
VD751Fey
12%
VD1 997Genolier
12%
VD1 369Gilly
12%
VD1 237Gingins
12%
VS3 509Grimisuat
12%
NE5 083La Tène
12%
NE644Les Verrières
12%
VD622Luins
12%
VS1 110Mont-Noble
12%
VD496Onnens
12%
VD1 496Perroy
12%
FR595Pont-la-Ville
12%
GE2 577Vandœuvres
12%
FR2 435Vuadens
12%
FR2 330Vuisternens-
devant-Romont
12%
GE1 169Aire-la-Ville
11%
VD230Arnex-sur-Nyon
11%
VD632Arnex-sur-Orbe
11%
VD542Ballens
11%
FR1 549Bas-Intyamon
11%
VD783Bursins
11%
FR484Châtillon
11%
JU483Châtillon
11%
VD434Corbeyrier
11%
FR2 717Corminboeuf
11%
VD881Faoug
11%
VD2 643Froideville
11%
FR7 606Gibloux
11%
FR847Grandvillard
11%
JU7 071Haute-Sorne
11%
VD1 423Jouxtens-Mézery
11%
VD694Lussy-sur-Morges
11%
VD472Marchissy
11%
VS2 292Martigny-Combe
11%
VD601Mathod
11%
NE8 995Milvignes
11%
VD307Mollens
11%
VD1 063Saint-George
11%
VD594Signy-Avenex
11%
FR1 115Surpierre
11%
JU3 205Val Terbi
11%
VD196Vaux-sur-Morges
11%
VD1 083Vich
11%
FR2 303Villaz
11%
VS1 302Arbaz
10%
VD685Buchillon
10%
GE1 188Choulex
10%
JU2 653Courtételle
10%
VD1 174Crassier
10%
VS1 007Dorénaz
10%
VD860Féchy
10%
FR1 068Fétigny
10%
VS372Finhaut
10%
VD397Grancy
10%
VD952Grandcour
10%
FR681Hauteville
10%
FR1 559Haut-Intyamon
10%
VD1 543Jongny
10%
GE684Laconnex
10%
VD1 140La Rippe
10%
VD986Lavigny
10%
VS1 818Massongex
10%
GE2 116Meinier
10%
FR2 116Misery-Courtion
10%
VD1 129Morrens
10%
VD828Poliez-Pittet
10%
VD849Pompaples
10%
VD793Pomy
10%
VD543Rossinière
10%
FR1 441Sâles
10%
VS165Trient
10%
FR455Vallon
10%
VD1 054Vuarrens
10%
VD1 290Vufflens-la-Ville
10%
VD1 075Assens
9%
FR796Autigny
9%
VD300Berolle
9%
JU652Bonfol
9%
VD577Bremblens
9%
VD473Bursinel
9%
GE986Cartigny
9%
VD691Champvent
9%
VD493Chevroux
9%
BE1 456Courtelary
9%
VD639Dully
9%
FR829Echarlens
9%
VD1 735Eysins
9%
VD1 024Givrins
9%
VD1 140Goumoëns
9%
JU1 085Haute-Ajoie
9%
VS593Icogne
9%
NE445La Côte-aux-Fées
9%
JU1 533Les Breuleux
9%
FR533Massonnens
9%
VD718Mex
9%
GE723Presinge
9%
VD378Provence
9%
VD504Rances
9%
NE1 243Rochefort
9%
GE541Russin
9%
VD688Saint-Livres
9%
FR2 281Siviriez
9%
VD230Tartegnin
9%
FR973Torny
9%
FR3 271Ursy
9%
VD497Vaulion
9%
VS774Vérossaz
9%
VD883Vufflens-le-Château
9%
VD355Agiez
8%
VD650Bettens
8%
FR786Billens-Hennens
8%
VD229Bioley-Magnoux
8%
VD520Bioley-Orjulaz
8%
VD194Bofflens
8%
FR2 273Bois-d'Amont
8%
VD1 128Borex
8%
VD365Boulens
8%
VD657Bullet
8%
VD387Burtigny
8%
VD539Chamblon
8%
FR302Chapelle (Glâne)
8%
FR830Châtonnaye
8%
VD1 238Chéserex
8%
JU1 263Clos du Doubs
8%
VD493Coinsins
8%
JU2 379Courgenay
8%
JU3 298Courroux
8%
VD394Cronay
8%
VD402Croy
8%
VD239Cuarny
8%
VD1 034Daillens
8%
VD1 089Duillier
8%
JU349Fahy
8%
FR266Ferpicloz
8%
VD215Fontaines-sur-Grandson
8%
VD939Gollion
8%
VS2 447Grône
8%
FR2 052La Brillaz
8%
NE496La Chaux-du-Milieu
8%
NE8 795La Grande Béroche
8%
VD165La Praz
8%
FR1 173La Sonnaz
8%
FR1 254La Verrerie
8%
JU322Le Bémont
8%
NE312Le Cerneux-Péquignot
8%
FR364Le Châtelard
8%
FR1 336Le Pâquier
8%
VD185Les Clées
8%
JU149Les Enfers
8%
FR1 520Les Montets
8%
NE1 222Les Ponts-de-Martel
8%
VD436Lignerolle
8%
VD481Longirod
8%
VD538Maracon
8%
FR437Ménières
8%
VD360Missy
8%
VD310Moiry
8%
VD239Molondin
8%
VD2 719Montanaire
8%
FR394Montet (Glâne)
8%
VD657Montpreveyres
8%
FR638Morlon
8%
VS4 512Noble-Contrée
8%
BE769Nods
8%
VD295Ogens
8%
VD203Oppens
8%
VD615Oulens-sous-Echallens
8%
VD562Pailly
8%
VD1 103Pampigny
8%
VD421Penthéréaz
8%
FR1 920Pont-en-Ogoz
8%
VD215Premier
8%
FR2 246Prez
8%
BE2 344Reconvilier
8%
FR1 152Remaufens
8%
VD488Ropraz
8%
FR304Sévaz
8%
BE1 952Sonceboz-Sombeval
8%
FR1 119Sorens
8%
VD1 034Sullens
8%
VD111Treytorrens (Payerne)
8%
FR1 483Treyvaux
8%
VD355Vinzel
8%
FR282Auboranges
7%
BE291Belprahon
7%
VD991Boussens
7%
FR295Châtel-sur-Montsalvens
7%
FR908Corbières
7%
JU3 552Courrendlin
7%
FR398Crésuz
7%
VD157Démoret
7%
JU1 381Develier
7%
VD234Dizy
7%
VD824Donneloye
7%
NE266Enges
7%
VD356Ependes
7%
VD380Essertes
7%
VD318Ferreyres
7%
VD445Fiez
7%
VD382Grens
7%
VD2 951Jorat-Mézières
7%
VD242L'Abergement
7%
NE212Les Planchettes
7%
VD1 819Montilliez
7%
VD478Mont-la-Ville
7%
VD152Mutrux
7%
FR446Nuvilly
7%
VD416Orny
7%
BE1 196Orvin
7%
VD208Orzens
7%
FR160Pierrafortscha
7%
BE2 028Plateau de Diesse
7%
BE201Roches
7%
JU674Rossemaison
7%
VD265Rueyres
7%
JU221Saint-Brais
7%
VD477Senarclens
7%
VD227Sévery
7%
VD225Ursins
7%
VD709Valeyres-sous-Montagny
7%
VD619Valeyres-sous-Rances
7%
VD227Valeyres-sous-Ursins
7%
VD451Villarzel
7%
VD135Vugelles-La Mothe
7%
JU925Boécourt
6%
VD490Bonvillars
6%
VD420Bournens
6%
VD864Bretigny-sur-Morrens
6%
VD130Champtauroz
6%
VD315Chevilly
6%
VD191Clarmont
6%
JU721Coeuve
6%
NE1 558Cornaux
6%
BE688Cortébert
6%
VD486Cuarnens
6%
VD366Hermenches
6%
VD1 591Jorat-Menthue
6%
BE529La Ferrière
6%
FR1 201Le Flon
6%
NE980Lignières
6%
VD136Lovatens
6%
JU182Lugnez
6%
VD57Mauraz
6%
JU105Mettembert
6%
VD505Montcherand
6%
JU583Montfaucon
6%
JU352Pleigne
6%
FR750Ponthaux
6%
FR72Prévondavaux
6%
VD194Prévonloup
6%
VD411Reverolle
6%
VD185Rovray
6%
VD447Saint-Oyens
6%
VD422Saubraz
6%
VD145Sergey
6%
JU1 238Basse-Allaine
5%
JU117Beurnevésin
5%
FR616Botterens
5%
NE284Brot-Plamboz
5%
BE164Champoz
5%
VD152Chêne-Pâquier
5%
BE1 737Corgémont
5%
JU1 043Cornol
5%
JU437Courchapoix
5%
JU772Courtedoux
5%
VD310Curtilles
5%
JU179Damphreux
5%
BE367Eschert
5%
JU1 696Fontenais
5%
JU388Grandfontaine
5%
VD328Juriens
5%
JU1 142La Baroche
5%
JU99La Chaux-
des-Breuleux
5%
VD120Mauborget
5%
JU523Mervelier
5%
JU434Movelier
5%
VD332Orges
5%
BE467Perrefitte
5%
BE1 890Péry-La Heutte
5%
BE927Renan
5%
VD84Rossenges
5%
JU269Saulcy
5%
BE1 237Sonvilier
5%
BE288Sorvilier
5%
JU123Soubey
5%
JU431Soyhières
5%
VD645Suchy
5%
VD155Syens
5%
JU559Vendlincourt
5%
FR72Villarsel-sur-Marly
5%
BE924Villeret
5%
FR1 498Villorsonnens
5%
VD577Vucherens
5%
VD614Vulliens
5%
VD514Vullierens
5%
JU261Bourrignon
4%
VD270Bretonnières
4%
VD382Chigny
4%
BE490Cormoret
4%
JU303Courchavon
4%
BE499Crémines
4%
VD413Giez
4%
BE396Grandval
4%
FR222Grangettes
4%
JU504Les Genevez
4%
BE344Loveresse
4%
JU494Muriaux
4%
VD100Novalles
4%
BE399Petit-Val
4%
VD215Suscévaz
4%
VD897Tévenon
4%
VD491Treycovagnes
4%
BE4 012Valbirse
4%
VD221Grandevent
3%
BE644Saicourt
3%
BE819Sauge
3%
BE152Saules
3%

Distribution des résultats

Percentile par nombre de réponses

% des personnes avec chaque résultat

Votre développement - résultats

Vous n’avez pas pris ce quiz